<?xml version="1.0" encoding="UTF-8"?>
<record
    xmlns:xsi="http://www.w3.org/2001/XMLSchema-instance"
    xsi:schemaLocation="http://www.loc.gov/MARC21/slim http://www.loc.gov/standards/marcxml/schema/MARC21slim.xsd"
    xmlns="http://www.loc.gov/MARC21/slim">

  <leader>01300nam a2200325 a 4500</leader>
  <controlfield tag="001">BRCA_7942</controlfield>
  <controlfield tag="005">20190320210049.0</controlfield>
  <controlfield tag="008">070314s1965----mx-####f##---#000-0#spa-#</controlfield>
  <datafield tag="041" ind1=" " ind2=" ">
    <subfield code="a">spa</subfield>
  </datafield>
  <datafield tag="044" ind1=" " ind2=" ">
    <subfield code="a">mx</subfield>
  </datafield>
  <datafield tag="050" ind1=" " ind2="4">
    <subfield code="a">F1411</subfield>
    <subfield code="b">.C38</subfield>
    <subfield code="c">1965</subfield>
  </datafield>
  <datafield tag="245" ind1="1" ind2="0">
    <subfield code="a">Tratados de Fray Bartolom&#xE9; de las Casas</subfield>
    <subfield code="c">pr&#xF3;logos de Hanke y Manuel Gim&#xE9;nez Fern&#xE1;ndez ; transcripci&#xF3;n de Juan P&#xE9;rez de Tudela Bueso; traducci&#xF3;n de Agust&#xED;n Millares Carlo y Rafael Moreno.</subfield>
  </datafield>
  <datafield tag="260" ind1=" " ind2=" ">
    <subfield code="a">M&#xE9;xico</subfield>
    <subfield code="b">Fondo de Cultura Econ&#xF3;mica</subfield>
    <subfield code="c">1965</subfield>
  </datafield>
  <datafield tag="300" ind1=" " ind2=" ">
    <subfield code="a">2 v.</subfield>
    <subfield code="b">il.</subfield>
    <subfield code="c">22 cm.</subfield>
  </datafield>
  <datafield tag="440" ind1=" " ind2="0">
    <subfield code="a">Biblioteca americana : serie de Cronistas de Indias</subfield>
    <subfield code="9">19666</subfield>
  </datafield>
  <datafield tag="500" ind1=" " ind2=" ">
    <subfield code="a">3030</subfield>
  </datafield>
  <datafield tag="500" ind1=" " ind2=" ">
    <subfield code="a">Dos ejemplares inventariados como un solo libro por el Banco de M&#xE9;xico</subfield>
  </datafield>
  <datafield tag="500" ind1=" " ind2=" ">
    <subfield code="a">Ejemplar numerado 140 de 300</subfield>
  </datafield>
  <datafield tag="600" ind1="1" ind2="4">
    <subfield code="a">Casas, Bartolom&#xE9; de las</subfield>
    <subfield code="9">19667</subfield>
  </datafield>
  <datafield tag="650" ind1="1" ind2="4">
    <subfield code="a">Tratados</subfield>
    <subfield code="v">Indios colonizados</subfield>
    <subfield code="z">M&#xE9;xico</subfield>
    <subfield code="9">19668</subfield>
  </datafield>
  <datafield tag="650" ind1="1" ind2="4">
    <subfield code="a">Escritos y textos</subfield>
    <subfield code="v">Pueblos ind&#xED;genas</subfield>
    <subfield code="9">19669</subfield>
  </datafield>
  <datafield tag="650" ind1="1" ind2="4">
    <subfield code="a">Cronistas</subfield>
    <subfield code="v">De las Indias</subfield>
    <subfield code="9">19670</subfield>
  </datafield>
  <datafield tag="700" ind1="1" ind2=" ">
    <subfield code="a">Gim&#xE9;nez Fern&#xE1;ndez, Hanke</subfield>
    <subfield code="e">prol.</subfield>
    <subfield code="9">19671</subfield>
  </datafield>
  <datafield tag="700" ind1="1" ind2=" ">
    <subfield code="a">Gim&#xE9;nez Fern&#xE1;ndez, Manuel</subfield>
    <subfield code="e">prol.</subfield>
    <subfield code="9">19672</subfield>
  </datafield>
  <datafield tag="700" ind1="1" ind2=" ">
    <subfield code="a">P&#xE9;rez de Tundela Bueso, Juan</subfield>
    <subfield code="e">transcrip.</subfield>
    <subfield code="9">19673</subfield>
  </datafield>
  <datafield tag="700" ind1="1" ind2=" ">
    <subfield code="a">Millares Carlo, Agust&#xED;n</subfield>
    <subfield code="e">tr.</subfield>
    <subfield code="9">11389</subfield>
  </datafield>
  <datafield tag="700" ind1="1" ind2=" ">
    <subfield code="a">Moreno, Rafael</subfield>
    <subfield code="e">tr.</subfield>
    <subfield code="9">19674</subfield>
  </datafield>
  <datafield tag="902" ind1=" " ind2=" ">
    <subfield code="a">GFM</subfield>
  </datafield>
  <datafield tag="942" ind1=" " ind2=" ">
    <subfield code="2">lcc</subfield>
    <subfield code="c">B</subfield>
  </datafield>
  <datafield tag="999" ind1=" " ind2=" ">
    <subfield code="c">7611</subfield>
    <subfield code="d">7611</subfield>
  </datafield>
  <datafield tag="952" ind1=" " ind2=" ">
    <subfield code="0">0</subfield>
    <subfield code="1">0</subfield>
    <subfield code="4">0</subfield>
    <subfield code="7">0</subfield>
    <subfield code="a">BRCA</subfield>
    <subfield code="b">BRCA</subfield>
    <subfield code="d">2014-03-07</subfield>
    <subfield code="i">3030</subfield>
    <subfield code="l">0</subfield>
    <subfield code="o">F1411 .C38 1965 (3030)</subfield>
    <subfield code="p">8553</subfield>
    <subfield code="r">2019-03-22 00:00:00</subfield>
    <subfield code="w">2019-03-22</subfield>
    <subfield code="y">B</subfield>
  </datafield>
</record>
